| 000 | 00671nam a22001817a 4500 | ||
|---|---|---|---|
| 999 |
_c8166 _d8166 |
||
| 003 | GBCCL | ||
| 005 | 20241126110644.0 | ||
| 008 | 190628b ||||| |||| 00| 0 eng d | ||
| 040 | _cgbc | ||
| 082 |
_a266 _bLET |
||
| 245 |
_aLet's communicate missions : _bhelps for producing missionary prayer letters, photography and slide presentations / _ccompiled by Linda Twedt and Bill Myers. |
||
| 260 |
_aLincoln, NE : _bBack to the Bible, _c©1975. |
||
| 300 |
_a45 pages : illustrations, portraits ; _c17 cm |
||
| 650 |
_aMissionaries -- Leaves and furloughs. _914215 |
||
| 650 |
_aMissionaries -- Correspondence. _914216 |
||
| 650 |
_aMissionaries. _93863 |
||
| 942 |
_2ddc _cBK |
||